| 000 | 00387 a2200145 4500 | ||
|---|---|---|---|
| 005 | 20250621070722.0 | ||
| 020 | _a9966-08-133-X | ||
| 082 | _a808.02KOM | ||
| 100 | _aKOMBO. D. K | ||
| 245 | _aProposal and Thesis Writing: An Introduction | ||
| 260 |
_aNAIROBI _bKOMBO. D. K _c2006 |
||
| 300 |
_a168P,; ill, figure & table _bAppendices _c21cm |
||
| 700 | _aTROMP. D. L. A | ||
| 942 |
_2ddc _cBKS |
||
| 999 |
_c4480 _d4480 |
||